Malezas argentinas : tomo 1 /

Guardado en:
Autor Principal: Molina, Aníbal R.
Formato: Libro
Publicado: Buenos Aires : A. R. Molina, 2005
Materias:
Etiquetas: Agregar Etiqueta
Sin Etiquetas, Sea el primero en etiquetar este registro!
LEADER 00518nam a22001815a 4500
001 CEM.cems017205
005 20110603111908.0
008 130507s2005##################000#0#####d
003 CEMS
020 |a 9874382953 
082 0 4 |a 632.5 
100 1 |a Molina, Aníbal R. 
245 1 0 |a Malezas argentinas :  |b tomo 1 /  |c Aníbal R. Molina 
260 |a Buenos Aires :  |b A. R. Molina,  |c 2005 
300 |a 96 p. 
653 |a Malezas 
653 |a Malezas argentinas 
859 |a CEMS  |b BIB. CEMS - Agricultura  |h 632.5  |i M733-1  |p A0943.09  |t Ej.1  |v 1  |3 1